|
|
|
|
| LEADER |
00000nam a2200000 a 4500 |
| 001 |
vtls001155403 |
| 003 |
SK-MaSNL |
| 005 |
20260224015041.0 |
| 008 |
250414s1940 xo 0 slo |
| 035 |
|
|
|a SNK000098298
|
| 040 |
|
|
|a SNK
|b slo
|c SNK
|e AACR2
|
| 041 |
0 |
|
|a slo
|
| 044 |
|
|
|a xo
|c SK
|
| 080 |
|
|
|a 728.84(437.6-2)"17"
|2 1981
|
| 100 |
1 |
|
|a Pajdušák, Matúš,
|d 1871-1950
|4 aut
|
| 245 |
1 |
0 |
|a Sans-Souci na Spiši
|b (Obraz z doby osvietenstva)
|c Matúš Pajdušák
|
| 260 |
|
|
|a [Trnava]
|b [Spolok sv. Vojtecha]
|c [okolo r. 1940]
|e Trnava
|f Kníhtlač. Spolku sv. Vojtecha
|
| 300 |
|
|
|a 11, [1] s.
|c 24 cm
|
| 500 |
|
|
|a Odtlačok z: Kultura
|
| 852 |
|
|
|a Slovenská národná knižnica
|
| 954 |
|
|
|a Sanssouci, Eliášovce (obec zanik.) stor. 18.
|
| 958 |
|
|
|a OND
|
| 999 |
|
|
|c 795367
|d 797297
|
| 952 |
|
|
|t P60, <03>, [BOOK], {603}
|a SNK
|b SNK
|y PREZ
|7 0
|p 17A0215577
|o snkOSC 16570
|0 0
|1 0
|4 0
|d 1999-10-25
|l 0
|r 2005-01-01 00:00:00
|w 2026-02-24
|